Switzerland Geography Quiz - Statistics

General Stats
  • This quiz has been taken 71 times
  • The average score is 12 of 20
Answer Stats
Hint Answer % Correct
Capital City Bern
98%
Official Languages French
98%
Official Languages German
98%
Official Languages Italian
97%
Largest City Zurich
95%
Country Borders Austria
90%
Country Borders France
90%
Country Borders Germany
90%
Country Borders Italy
85%
Official Languages Romansh
80%
Continent Europe
72%
Largest Lake Lake Geneva
54%
Longest River Rhine
52%
Currency Swiss Franc
51%
Highest Point Dufourspitze
25%
GDP per Capita (Rounded To The Nearest Ten Thousand) 90000
18%
Population (Rounded To The Nearest Million) 9000000
18%
Country they Gained Independence From Roman Empire
10%
Year they Gained Independence 1648
5%
Country Borders Leitchtenstein
3%
No matching quizzes found
Score Distribution
Percent of People with Each Score
Percentile by Number Answered
Your Score History
You have not taken this quiz